Voces judías en la literatura chilena
Պահպանված է:
| Հիմնական հեղինակներ: | , |
|---|---|
| Ձևաչափ: | Գիրք |
| Լեզու: | իսպաներեն |
| Հրապարակվել է: |
Santiago
Cuarto Propio
2010
|
| Հրատարակություն: | 1a. ed |
| Շարք: | Ensayo-Literatura
|
| Խորագրեր: | |
| Ցուցիչներ: |
Ավելացրեք ցուցիչ
Չկան պիտակներ, Եղեք առաջինը, ով նշում է այս գրառումը!
|
MARC
| LEADER | 00000cam a2200000 a 4500 | ||
|---|---|---|---|
| 001 | UCG8712 | ||
| 003 | CL-VaPUC | ||
| 008 | 111223e20100300CL |||||||||||||||||spa|d | ||
| 020 | |a 9789562605045 | ||
| 082 | 0 | 4 | |a 305.79240983 |b CAN |2 21 |
| 100 | 0 | |a Cánovas Emhart, Rodrigo |e author |9 559830 | |
| 700 | 0 | |a Scherman Filer, Jorge |e author |9 559831 | |
| 245 | 1 | 0 | |a Voces judías en la literatura chilena |
| 250 | |a 1a. ed | ||
| 300 | |a 195 p | ||
| 942 | |c BK | ||
| 945 | |d 20111223 00:00:00 |a dcastane | ||
| 260 | |a Santiago |b Cuarto Propio |c 2010 | ||
| 650 | 0 | |a Judíos |9 313771 | |
| 650 | 0 | |a Inmigrantes |9 317882 | |
| 650 | 7 | |a JUDIOS COLONIZACION |2 CL-VaPUC |9 323600 | |
| 650 | 0 | |a Inmigración |9 268290 | |
| 650 | 7 | |a ESCRITORES JUDIOS |2 CL-VaPUC |9 559832 | |
| 583 | |a last modification |c 20111223 12:06:00 |k Rodrigo Vera | ||
| 490 | 0 | |a Ensayo-Literatura | |
| 999 | |c 346310 |d 346308 | ||
| 952 | |0 0 |1 0 |4 0 |6 305_792409830000000_CAN_2010 |7 0 |8 A |9 446963 |a FDOPOS |b FDOPOS |d 2019-11-22 |i 4817273 |o 305.79240983 CAN 2010 |p 4817273 |r 2023-08-09 |w 2019-11-22 |y BK |k DLH | ||